00329cam a22001097a 4500008004000000020001500040100002400055245007000079260003400149300001000183650002600193180718b1991 xxu||||| |||| 00| 0 eng d a8171190391 aDubey, Shyam Charan aParampra itihas-bodh aur sanskriti (Hindi)cby Shyam Charan Dubey aNew DelhibRadhakrishanc1991 a167p. aIndia-culture,history